Estudis en homenatge a Robert Vergés
Descripción Física:
255 p. ; 25 cm
Materias:
Vergés i Cadenet, Robert
MARC
| LEADER | 00000nam a2200000Ia 4500 | ||
|---|---|---|---|
| 001 | 21830 | ||
| 008 | 160829s2000 xx 000 0 cat d | ||
| 080 | |a M-6-253 | ||
| 245 | |a Estudis en homenatge a Robert Vergés | ||
| 260 | |a Barcelona : |b Consell Consultiu de la Generalitat de Catalunya, |c 2000 | ||
| 300 | |a 255 p. ; |c 25 cm | ||
| 650 | |a Vergés i Cadenet, Robert |9 46263 | ||
| 710 | |a Catalunya. |b Consell Consultiu |9 4888 | ||
| 901 | |a Arxiu | ||
| 942 | |n 1 | ||
| 952 | |0 0 |1 0 |4 0 |6 M6253 |7 1 |9 53115 |a Arxiu |b Arxiu |d 2016-12-01 |l 0 |o M-6-253 |p 21830 |r 2016-12-01 00:00:00 |w 2016-12-01 |y ARXIU | ||
| 999 | |c 56964 |d 56964 | ||